000
00326nam a22001457a 4500
008
210303b ||||| |||| 00| 0 eng d
020
_a
0471178330
041
_a
eng
080
_a
330.322
082
_a
330.322
100
_a
62
101
_a
INV
245
_a
Program Related Investments
_c
Baxter, CH. I
942
_2
udc
_c
BK
999
_c
55602
_d
55602